Clubes de fútbol europeos con títulos internacionales - Estadísticas

Estadísticas generales
  • Esta prueba ha sido intentada 1.061 veces
  • La puntuación promedio es 33 de 61
Estadísticas de respuestas
Respuesta % Correcto
Real Madrid
99%
Barcelona
98%
Atlético Madrid
93%
Manchester United
93%
Sevilla
92%
Bayern Múnich
91%
Milan
91%
Inter
90%
Juventus
88%
Liverpool
88%
Chelsea
87%
Manchester City
84%
Borussia Dortmund
82%
PSG
81%
Valencia
81%
Arsenal
80%
Oporto
77%
Ajax
75%
Benfica
74%
Roma
74%
Napoli
70%
Nottingham Forest
67%
Aston Villa
66%
PSV
66%
Tottenham
66%
Sporting Portugal
64%
Lazio
62%
Celtic
61%
Estrella Roja Belgrado
56%
Bayer Leverkusen
53%
Feyenoord
52%
Hamburgo
51%
Olympique Marsella
50%
Rangers
50%
Fiorentina
47%
Everton
46%
Zaragoza
42%
Steaua Bucarest
41%
Galatasaray
40%
Parma
40%
Zenit San Petersburgo
40%
Schalke 04
36%
West Ham
36%
CSKA Moscú
35%
Brujas
34%
Sampdoria
34%
Newcastle
32%
Borussia Mönchengladbach
30%
Anderlecht
26%
Dinamo Kiev
24%
Dinamo Zagreb
20%
Eintracht Frankfurt
20%
Shakhtar Donetsk
14%
Aberdeen
12%
Ipswich Town
12%
Goteborg
11%
Ferencvaros
9%
Dinamo Tiflis
4%
Mechelen
4%
Magdeburgo
3%
Slovan Bratislava
3%
No se encontraron pruebas coincidentes
Distribución de puntuación
Porcentaje de gente con cada puntuación
Porcentaje por número respondido
Historial de tus puntuaciones
No has intentado esta prueba.